LEADER 01797nam0 2200337 i 450 001 BVEE026203 005 20170908093213.0 012 $alao- zaa: a.e. ToTi (3) 1719 (A)$2fei 100 $a20110629d1719 ||||0itac50 ba 101 | $aita 102 $ait 181 1$6z01$ai $bxxxe 182 1$6z01$an 200 1 $aAlessandro Severo drama per musica da rappresentarsi nel teatro di S. Bartolomeo nel maggio del 1719. Consacrato all'illustrissimo, ed eccellentissimo signor conte Vvirrico di Daun principe di Teano, ... 210 $aIn Napoli$cper Michele Luigi Muzio. Si vende dal medesimo nella sua libraria sotto l'infermaria di S. M. la Nova$d1719 215 $a60 p.$d12º 300 $aLibretto di Apostolo Zeno (cfr.: Conservatorio di musica S. Pietro a Majella di Napoli, Catalogo dei libretti d'opera in musica dei secoli XVII e XVIII a cura di F. Melisi, Napoli 1985, p. 9) 300 $aMusica di Domenico Sarro, il cui nome figura a c. A4v 300 $aSegn.: A-B¹²C⁶. 316 $a1 v.$5IT-NA0055, ARMADIO 03A 0016.7 620 $dNapoli$3TO0L002386 700 1$aZeno$b, Apostolo$3CFIV061668$4070$06051 712 02$aMuzio, Michele Luigi$3TO0V254846$4650 791 02$aMutio, Michele Luigi$3BVEV063202$zMuzio, Michele Luigi 801 3$aIT$bIT-NA0079$c20110629 850 $aIT-NA0055 912 $aBVEE026203 950 0$aBiblioteca del Museo civico Filangieri$d 70ARMADIO 03A 0016.7$e 70 0000077325 1 v.$fZ $i19000101 977 $a 70 996 $aAlessandro Severo drama per musica da rappresentarsi nel teatro di S. Bartolomeo nel maggio del 1719. Consacrato all'illustrissimo, ed eccellentissimo signor conte Vvirrico di Daun principe di Teano, ..$91480749 997 $aUNISANNIO